Cargando…

Biomedicalization and the Practice of Culture : Globalization and Type 2 Diabetes in the United States and Japan /

Over the last twenty years, type 2 diabetes skyrocketed to the forefront of global public health concern. In this text, Mari Armstrong-Hough examines the rise in and response to the disease in two societies: the United States and Japan.

Detalles Bibliográficos
Autor principal: Armstrong-Hough, Mari (Autor)
Formato: Electrónico eBook
Idioma:Inglés
Publicado: Chapel Hill : University of North Carolina Press, [2018]
Colección:Book collections on Project MUSE.
Temas:
Acceso en línea:Texto completo

MARC

LEADER 00000cam a22000004a 4500
001 musev2_62841
003 MdBmJHUP
005 20230905050451.0
006 m o d
007 cr||||||||nn|n
008 181113s2018 ncu o 00 0 eng d
020 |a 9781469646701 
020 |z 9781469646688 
020 |z 9781469646695 
020 |z 9781469646671 
035 |a (OCoLC)1062421772 
040 |a MdBmJHUP  |c MdBmJHUP 
100 1 |a Armstrong-Hough, Mari,  |e author. 
245 1 0 |a Biomedicalization and the Practice of Culture :   |b Globalization and Type 2 Diabetes in the United States and Japan /   |c Mari Armstrong-Hough. 
264 1 |a Chapel Hill :  |b University of North Carolina Press,  |c [2018] 
264 3 |a Baltimore, Md. :  |b Project MUSE,   |c 2018 
264 4 |c ©[2018] 
300 |a 1 online resource (186 pages). 
336 |a text  |b txt  |2 rdacontent 
337 |a computer  |b c  |2 rdamedia 
338 |a online resource  |b cr  |2 rdacarrier 
490 0 |a Studies in social medicine 
505 0 |a Two countries, one disease -- Biomedicalization and globalization -- Cavemen didn't get diabetes: American narratives about the origins of type 2 diabetes -- Our genes don't match your culture: Japanese narratives about the origins of type 2 diabetes -- Your diabetes: U.S. health care providers' orientations towards patients -- Our diabetes: diabetes in the Japanese exam room -- Diabetes at home: explanatory models in everyday practice -- Diabetes and its discontents. 
520 8 |a Over the last twenty years, type 2 diabetes skyrocketed to the forefront of global public health concern. In this text, Mari Armstrong-Hough examines the rise in and response to the disease in two societies: the United States and Japan. 
588 |a Description based on print version record. 
650 7 |a Type 2 diabetes  |x Treatment.  |2 fast  |0 (OCoLC)fst01038559 
650 7 |a Type 2 diabetes  |x Social aspects.  |2 fast  |0 (OCoLC)fst01038558 
650 7 |a Type 2 diabetes.  |2 fast  |0 (OCoLC)fst01038549 
650 7 |a HEALTH & FITNESS  |x Diseases  |x Diabetes.  |2 bisacsh 
650 7 |a POLITICAL SCIENCE  |x Public Policy  |x Social Services & Welfare.  |2 bisacsh 
650 7 |a POLITICAL SCIENCE  |x Public Policy  |x Social Security.  |2 bisacsh 
650 6 |a Diabete non insulinodependant  |x Aspect social  |z Japon. 
650 6 |a Diabete non insulinodependant  |x Aspect social  |z États-Unis. 
650 6 |a Diabete non insulinodependant  |x Traitement  |z Japon. 
650 6 |a Diabete non insulinodependant  |x Traitement  |z États-Unis. 
650 6 |a Diabete non insulinodependant  |z Japon. 
650 6 |a Diabete non insulinodependant  |z États-Unis. 
650 0 |a Type 2 diabetes  |x Social aspects  |z Japan. 
650 0 |a Type 2 diabetes  |x Social aspects  |z United States. 
650 0 |a Type 2 diabetes  |x Treatment  |z Japan. 
650 0 |a Type 2 diabetes  |x Treatment  |z United States. 
650 0 |a Type 2 diabetes  |z Japan. 
650 0 |a Type 2 diabetes  |z United States. 
651 7 |a United States.  |2 fast  |0 (OCoLC)fst01204155 
651 7 |a Japan.  |2 fast  |0 (OCoLC)fst01204082 
655 7 |a Electronic books.   |2 local 
710 2 |a Project Muse.  |e distributor 
830 0 |a Book collections on Project MUSE. 
856 4 0 |z Texto completo  |u https://projectmuse.uam.elogim.com/book/62841/ 
945 |a Project MUSE - Custom Collection 
945 |a Project MUSE - 2018 Complete 
945 |a Project MUSE - 2018 Public Health and Health Policy